名古屋市営バスのバスターミナル・転回場 - Statistics

General Stats
  • This quiz has been taken 60 times
  • The average score is 47 of 113
Answer Stats
市区 停留所名 備考 % Correct
中村区 名古屋駅 地下鉄・JR・名鉄・近鉄・あおなみ線駅併設
95%
中区 地下鉄・名鉄駅併設
93%
北区 大曽根 地下鉄・名鉄・JR駅併設
90%
中区 金山 地下鉄・JR・名鉄駅併設
86%
千種区 星ヶ丘 地下鉄駅併設
83%
千種区 星ヶ丘操車場 市電操車場跡地/発着系統なし
83%
名東区 藤が丘 地下鉄駅併設
83%
千種区 池下 地下鉄駅併設
79%
瑞穂区 新瑞橋 地下鉄駅併設
76%
北区 上飯田 地下鉄・名鉄駅併設
74%
名東区 上社 地下鉄駅併設
74%
千種区 千種駅前 地下鉄・JR駅併設
71%
千種区 茶屋ヶ坂 地下鉄駅併設
71%
北区 黒川 地下鉄駅併設
71%
港区 名古屋港 地下鉄駅併設
71%
名東区 一社 地下鉄駅併設
71%
中川区 八田駅 地下鉄・JR・近鉄駅併設
69%
千種区 名古屋大学 地下鉄駅併設
67%
東区 砂田橋 地下鉄駅近接
67%
中村区 本陣 地下鉄駅併設
67%
名東区 本郷 地下鉄駅併設
67%
西区 上小田井駅 地下鉄・名鉄駅併設
64%
中村区 中村公園 地下鉄駅併設
62%
熱田区 熱田駅 JR駅近接/発着系統なし
62%
中川区 地下鉄高畑 地下鉄車庫併設
62%
緑区 地下鉄徳重 地下鉄駅併設
62%
名東区 引山 バスターミナル
62%
港区 港区役所 商業施設敷地内
60%
天白区 地下鉄平針 地下鉄駅併設
60%
中川区 春田駅 JR駅近接
57%
緑区 名鉄鳴海 名鉄駅近接
57%
名東区 猪高車庫 市バス営業所
57%
天白区 地下鉄鳴子北 地下鉄駅併設/市バス営業所併設
57%
南区 笠寺駅 JR駅近接
55%
緑区 名鉄有松 名鉄駅近接
55%
春日井市 高蔵寺 JR駅近接
55%
熱田区 名鉄神宮前 名鉄駅近接
52%
港区 野跡駅 あおなみ線駅近接
52%
守山区 新守山駅 JR駅近接
52%
守山区 小幡 名鉄駅近接
52%
緑区 大高駅 JR駅近接
52%
緑区 南大高駅 JR駅近接
52%
天白区 地下鉄原 地下鉄駅併設
52%
天白区 地下鉄植田 地下鉄駅併設
50%
瑞穂区 瑞穂運動場東 地下鉄駅近接
48%
大治町 大治西条
48%
豊明市 藤田医科大学病院 病院敷地内
48%
守山区 大森車庫 市バス営業所
45%
千種区 地下鉄自由ヶ丘 地下鉄駅併設
43%
北区 如意車庫前 市バス営業所
43%
昭和区 吹上
43%
中村区 稲西車庫 市バス営業所
40%
昭和区 妙見町
40%
熱田区 六番町 地下鉄駅併設
40%
港区 南陽交通広場 商業施設敷地内
40%
守山区 本地住宅
40%
尾張旭市 名鉄印場 名鉄駅近接
40%
熱田区 神宮東門 名鉄駅近接
38%
南区 鳴尾車庫 市バス営業所
38%
天白区 平針住宅
38%
北区 西部医療センター 病院敷地内
36%
中川区 戸田
36%
中川区 中川車庫前 市バス営業所
36%
港区 ワイルドフラワーガーデン
36%
守山区 東谷山フルーツパーク
36%
西区 平田住宅
33%
瑞穂区 博物館 施設敷地内
33%
中川区 戸田荘
33%
港区 フェリーふ頭 施設駐車場内
33%
北区 如意住宅
31%
南区 星崎
31%
守山区 小幡緑地 市バスは通過系統のみ
31%
緑区 緑車庫 市バス営業所
31%
港区 多加良浦
29%
長久手市 猪高緑地 大学敷地内
29%
港区 河合小橋
26%
守山区 志段味交通広場
26%
名東区 梅森荘
26%
大治町 新大正橋西
26%
豊山町 北部市場 施設敷地内
26%
大府市 有松町口無池 停留所は緑区内
26%
中村区 横井町
24%
中川区 権野
24%
緑区 森の里団地 発着系統なし
24%
名東区 東名古屋病院 病院敷地内
21%
千種区 東山公園事務局 通過系統のみ
19%
北区 水分橋
19%
港区 東海橋
19%
守山区 緑ヶ丘住宅
19%
緑区 白土
19%
名東区 猪子石団地
19%
天白区 島田住宅
19%
天白区 島田一ツ山
19%
中村区 岩塚本通四丁目
17%
中川区 服部
17%
北区 安井町西
14%
北区 中切町
14%
北区 味鋺住宅
14%
南区 要町
14%
天白区 相生山住宅
14%
千種区 汁谷東
12%
西区 名西橋
12%
港区 日光川公園 施設敷地内
12%
港区 稲永スポーツセンター 施設敷地内/通過系統のみ
12%
南区 泉楽通四丁目
12%
緑区 大清水
12%
緑区 太子
12%
西区 那古野町 発着路線なし
10%
緑区 みどりが丘公園
10%
港区 潮見町南 路上転回
7%
緑区 鳴海住宅
7%
尾張旭市 旭労災病院 通過系統のみ
7%
緑区 みどりが丘公園会館 通過系統のみ
0%
No matching quizzes found
Score Distribution
Percent of People with Each Score
Percentile by Number Answered
Your Score History
You have not taken this quiz